Netflix Shows - Statistics

General Stats
  • This quiz has been taken 163 times
  • The average score is 8 of 10
Answer Stats
Question Answer % Correct
Which show includes a group of 4 girls who lost their friend? Pretty Little Liars
100%
Which show includes a young girl who has powers? Stranger things
100%
Which show includes 6 friends that are the main characters? Friends
94%
Which show involves supernatural creatures? The Originals
88%
Which show includes the character of ‘Caroline Forbes’? The Vampire Diaries
82%
Which show includes a fun teacher? Bad Education
76%
Which show includes a family of 4 with a neighbour who has a dog called Wilson? Friday Night Dinner
76%
Which show includes the character of ‘Elijah Mikeason’? The Originals
76%
Which show has the character ‘Jake Peralta’ in it? Brooklyn 99
65%
Which show includes the character of ‘Jughead’? River Dale
65%
No matching quizzes found
Score Distribution
Percent of People with Each Score
Percentile by Number Answered
Your Score History
You have not taken this quiz